| 000 | 00637nam a2200229Ia 4500 | ||
|---|---|---|---|
| 003 | OSt | ||
| 005 | 20221007071609.0 | ||
| 006 | a|||||r|||| 00| 0 | ||
| 007 | ta | ||
| 008 | 221006b |||||||| |||| 00| 0 eng d | ||
| 024 | _a10,190 | ||
| 037 | _cTextual | ||
| 040 |
_aFLL _cFLL _beng |
||
| 041 |
_2eng _aeng |
||
| 082 | _aZ1:922, L1 | ||
| 100 |
_aD'Amato Anthony A. Au. _9689066 |
||
| 245 | 0 | _aConcept of custom in international law | |
| 260 |
_aLondon _bCornell university press London _c1971 |
||
| 300 |
_axvi,286p _ccm. |
||
| 942 |
_hZ1:922, L1 _cTEXL _2CC |
||
| 999 |
_c1143769 _d1143769 |
||